[Event "Regionalliga SW 0304"]
[Site "Bayern"]
[Date "2003.11.02"]
[Round "2.8"]
[White "Waltenberger, Udo"]
[Black "Unseld, Rolf"]
[Result "1-0"]
[WhiteElo "1957"]
[BlackElo "1779"]
[PlyCount "123"]
[EventDate "2003.10.??"]
[EventType "team"]
[EventRounds "9"]
[EventCountry "GER"]
[SourceTitle "EXT 2006"]
[Source "ChessBase"]
[SourceDate "2005.11.24"]
[SourceVersion "1"]
[SourceVersionDate "2005.11.24"]
[SourceQuality "1"]
[WhiteTeam "Muenchen 77 Nord"]
[BlackTeam "Burlafingen"]
[WhiteTeamCountry "GER"]
[BlackTeamCountry "GER"]

1. Nf3 Nf6 2. g3 d5 3. Bg2 e6 4. 0-0 Be7 5. d4 0-0 6. c4 dxc4 7. Qc2 c6 8. a4 a5 9. Qxc4 Na6 10. Nc3 Nd5 11. e4 Ndb4 12. Qe2 Re8 13. Rd1 Nc7 14. Be3 Bf8 15. Bf1 Qf6 16. Bg5 Qg6 17. Bf4 Nca6 18. Ne5 Qf6 19. Qd2 Qd8 20. Nc4 f6 21. Be3 Rb8 22. d5 exd5 23. Bb6 Qd7 24. exd5 Nc5 25. Nxa5 Qf5 26. d6 Bd7 27. Nc4 Nb3 28. Ne3 Nxd2 29. Nxf5 Nf3+ 30. Kg2 Bxf5 31. Kxf3 Bd7 32. Bc4+ Kh8 33. Bc7 Rbc8 34. Rd2 Re5 35. Re2 Rce8 36. Bf7 Rxe2 37. Nxe2 Re5 38. Nd4 Nd5 39. Bxd5 Rxd5 40. Rd1 Bxd6 41. Bxd6 Rxd6 42. b4 b6 43. a5 c5 44. bxc5 bxc5 45. Rb1 Kg8 46. Nb3 c4 47. Nc1 Bc6+ 48. Ke3 c3 49. a6 c2 50. Rb2 Rd7 51. Rxc2 Bb5 52. Rc8+ Kf7 53. Ra8 Bc6 54. Rb8 Ra7 55. Rb6 Rc7 56. Nd3 Ke7 57. Nc5 Kd6 58. Kd4 Ra7 59. Nb7+ Kc7 60. Kc5 Bf3 61. Nd6 h5 62. Nb5+ 1-0